000
00329nam a2200133Ia 4500
005
20251222155149.0
008
251222s9999||||xx |||||||||||||| ||spa||
082
_a
REL.49
100
_a
Conf.Episcopal Per.
245
0
_a
Paz en la tierra reflexiones y orientaciones
250
_a
1ra. ed.
264
_b
Salesiana
942
_c
LIB
999
_c
39495
_d
39495